| 000 | 01371cam a2200373 i 4500 | ||
|---|---|---|---|
| 001 | xx001693318 | ||
| 003 | NUKAT | ||
| 005 | 20260427204607.0 | ||
| 008 | 100526s1906 xx |000 0bpol c | ||
| 035 | _a(OCoLC)751420996 | ||
| 035 | _a(NUKAT)xx001693318 | ||
| 040 |
_aWA U/76BM _cWA U/BM _dWA U/DP _dWA U/BMs _dKAT U/MB |
||
| 045 | 2 |
_bd1746 _bd1817 |
|
| 046 | _k1906 | ||
| 100 | 1 |
_aKorzon, Tadeusz _d(1839-1918). _94264 |
|
| 245 | 1 | 0 |
_aKościuszko : _bbiografia z dokumentów wysnuta : dopełnienia przy wydaniu drugiem / _cprzez Tadeusza Korzona. |
| 260 |
_a[S.l.] : _bnakł. autora ; _aKraków : _bG. Gebethner i Spółka ; _aWarszawa : _bGebethner i Wolff, _c[1906] _e(Kraków : _fDruk Wł. L. Anczyca i Sp.). |
||
| 300 |
_a[2], LXXXVI s. : _berr. ; _c23 cm. |
||
| 336 |
_aTekst _btxt _2rdacontent |
||
| 337 |
_aBez urządzenia pośredniczącego _bn _2rdamedia |
||
| 338 |
_aWolumin _bnc _2rdacarrier |
||
| 380 | _aKsiążki | ||
| 380 | _aLiteratura faktu, eseje, publicystyka | ||
| 388 | 1 | _a1901-2000 | |
| 500 | _aRok wyd. wg PB. | ||
| 510 | 4 |
_aPB. - 1906, _cs. 171. |
|
| 600 | 1 | 4 |
_aKościuszko, Tadeusz _d(1746-1817) _vbiografie. _2kaba _912469 |
| 600 | 1 | 7 |
_aKościuszko, Tadeusz _d(1746-1817) _2DBN _939611 |
| 648 | 7 |
_a1701-1800 _2DBN _936035 |
|
| 648 | 7 |
_a1801-1900 _2DBN _936037 |
|
| 655 | 7 |
_aBiografia _2DBN _935059 |
|
| 658 | _aHistoria | ||
| 942 |
_2ddc _cBK_NM |
||
| 999 |
_c27806 _d27806 |
||